00411nam a2200133Ia 4500008004100000020001500041041001200056082002000068100006100088245007200149260003300221300001300254650001000267231217s9999 xx 000 0 und d a8178810115 aEnglish a657 SEE.1;1 R aSeethapathi, K ed. Srinivas, N. Padmavathi, C [et al...] 0aAccounting standards V.1 : cash flow statements, segments reporting c2001bICFAI PressaHyderabad avii, 214 aICFAI